00305nam a22001217a 4500003000400000008004100004100002300045245003300068250000900101260003200110300000800142650003300150OSt200710b ||||| |||| 00| 0 eng d aIngawale, Deepa k. aHuman Anatomy and Physiology a2019 aNew DelhibNirali Publisher a532 aHuman Anatomy and Physiology